Η συνθήκη της ΕΟΚ και η συνθήκη του Μάαστριχτ

Αποθηκεύτηκε σε:
Λεπτομέρειες βιβλιογραφικής εγγραφής
Κύριος συγγραφέας: Δαγτόγλου, Πρόδρομος Δ.
Μορφή: Βιβλίο
Γλώσσα:Greek
Δημοσίευση: Αθήνα ; Κομοτηνή : Αντ. Ν. Σάκκουλας, 1992.
Θέματα:
Ετικέτες: Προσθήκη ετικέτας
Δεν υπάρχουν, Καταχωρήστε ετικέτα πρώτοι!

MARC

LEADER 00000cam a2200000 i 4500
001 1/85658
008 960911s1992 gr | ||| |||| ||gre||
035 |a 1993  |b 1  |c Χιωτάκης  |l 10034753 
040 |a GR-MyUa  |b gre  |e AACR2 
041 0 |a gre 
082 7 |a 341.2422   |2 (22) 
100 1 |a Δαγτόγλου, Πρόδρομος Δ. 
245 1 2 |a Η συνθήκη της ΕΟΚ και η συνθήκη του Μάαστριχτ /   |c Π. Δ. Δαγτόγλου. 
260 |a Αθήνα ;   |a Κομοτηνή :   |b Αντ. Ν. Σάκκουλας,   |c 1992. 
300 |a 466 σ. ;   |c 24 εκ. 
630 0 0 |a Treaty on European Union   |d (1992 February 7) 
852 |a INST  |b RHODES  |e 19960911  |h 341.2422 ΔΑΓ  |p 005400009804  |q 005400009804  |t BK  |y 0 
970 |z 2000/07/ΚΑΤΕΡΙΝΑ